000 00396nam a22001451a 4500
020 _a9788132109471
082 _a954.052
_bPAU/I
245 _aAn Indian political life:
_bCharan Singh and congrss politics, 1957 to 1967/
_cby Paul R Brass
260 _aNew Delhi:
_bSage,
_c2012.
300 _a475p.
650 _aHistory 1957-1967
650 _aHistory India
650 _aHistory
942 _cBK
999 _c19774
_d19774